|
|
|
|
| LEADER |
00000cas a2200000 a 4500 |
| 001 |
vtls012066328 |
| 003 |
SK-MaSNL |
| 005 |
20260228155927.0 |
| 008 |
210823c20109999xo ar 0 b0slo |
| 040 |
|
|
|a SNK
|b slo
|c SNK
|e AACR2
|
| 041 |
0 |
|
|a slo
|
| 044 |
|
|
|a xo
|c SK
|
| 072 |
|
7 |
|a 659
|x Reklama. Public relations. Médiá
|2 konspekt
|
| 080 |
|
|
|a 659.4
|2 2011
|
| 080 |
|
|
|a 050
|2 2001
|
| 080 |
|
|
|a (058)
|2 2011
|
| 080 |
|
|
|a (051)-048.55
|2 2011
|
| 245 |
0 |
0 |
|a PR agentúry ...
|
| 260 |
|
|
|a Bratislava
|b Sanoma Magazines Slovakia
|c 2010-
|
| 260 |
3 |
|
|3 [2013]-
|a Bratislava
|b MAFRA Slovakia
|
| 300 |
|
|
|a zv.
|c 30 cm
|
| 310 |
|
|
|a 1x ročne
|
| 362 |
0 |
|
|a 2010-
|
| 500 |
|
|
|a Súčasťou názvu je označenie kalendárneho roku
|
| 500 |
|
|
|a Názov z obalu
|
| 500 |
|
|
|a Je samostatnou prílohou časopisu: Stratégie
|
| 500 |
|
|
|a Podnázov na obale: špecializovaná príloha mesačníka Stratégie
|
| 650 |
0 |
7 |
|a public relations
|2 SNKPH
|
| 655 |
|
7 |
|a ročenky
|2 SNKPH
|9 57146
|
| 655 |
|
7 |
|a špecializované časopisy
|2 SNKPH
|9 70509
|
| 772 |
0 |
|
|t Stratégie (Tlačené vydanie)
|x 1335-2016
|w vtls001467591
|
| 910 |
|
|
|a snk
|
| 999 |
|
|
|c 908
|d 908
|
| 952 |
|
|
|0 0
|1 0
|4 0
|7 0
|8 0
|a SNK
|b SNK
|d 2021-08-23
|i snk2021/10753
|l 0
|o snkČSB 7687/2017
|p 17A1434688
|r 2026-02-21 19:59:44
|w 2026-02-21
|y PREZ
|
| 952 |
|
|
|0 0
|1 0
|4 0
|7 0
|8 0
|a SNK
|b SNK
|d 2021-08-23
|i snk2021/10757
|l 0
|o snkČSB 7687/2018
|p 17A1434687
|r 2026-02-21 19:59:47
|w 2026-02-21
|y PREZ
|
| 952 |
|
|
|0 0
|1 0
|4 0
|7 0
|8 0
|a SNK
|b SNK
|d 2021-08-23
|i snk2021/10758
|l 0
|o snkČSB 7687/2019
|p 17A1434686
|r 2026-02-21 19:59:47
|w 2026-02-21
|y PREZ
|
| 952 |
|
|
|0 0
|1 0
|4 0
|7 0
|8 0
|a SNK
|b SNK
|d 2021-08-23
|i snk2021/10759
|l 0
|o snkČSB 7687/2017 D1
|p 17A1434685
|r 2026-02-21 19:59:47
|w 2026-02-21
|y PREZ
|
| 952 |
|
|
|0 0
|1 0
|4 0
|7 0
|8 0
|a SNK
|b SNK
|d 2021-08-23
|i snk2021/10760
|l 0
|o snkČSB 7687/2018 D1
|p 17A1434684
|r 2026-02-21 19:59:48
|w 2026-02-21
|y PREZ
|
| 952 |
|
|
|0 0
|1 0
|4 0
|7 0
|8 0
|a SNK
|b SNK
|d 2021-08-23
|i snk2021/10761
|l 0
|o snkČSB 7687/2019 D1
|p 17A1434683
|r 2026-02-21 19:59:48
|w 2026-02-21
|y PREZ
|
| 952 |
|
|
|0 0
|1 0
|4 0
|7 0
|8 0
|a SNK
|b SNK
|d 2024-11-18
|i snk2024/17448
|l 0
|o snkČSB 7687/2022
|p 17A1524850
|r 2026-02-21 20:57:36
|w 2026-02-21
|y PREZ
|z Máj 2022
|
| 952 |
|
|
|0 0
|1 0
|4 0
|7 0
|8 0
|a SNK
|b SNK
|d 2024-11-18
|i snk2024/17449
|l 0
|o snkČSB 7687/2023
|p 17A1524851
|r 2026-02-21 20:57:37
|w 2026-02-21
|y PREZ
|z Máj 2023
|
| 952 |
|
|
|0 0
|1 0
|4 0
|7 0
|8 0
|a SNK
|b SNK
|d 2021-08-24
|i snk2021/10867
|l 0
|o snkČSB 7687/2010
|p 17A1434671
|r 2026-02-21 21:29:09
|w 2026-02-21
|y PREZ
|
| 952 |
|
|
|0 0
|1 0
|4 0
|7 0
|8 0
|a SNK
|b SNK
|d 2021-08-24
|i snk2021/10868
|l 0
|o snkČSB 7687/2011
|p 17A1434670
|r 2026-02-21 21:29:09
|w 2026-02-21
|y PREZ
|
| 952 |
|
|
|0 0
|1 0
|4 0
|7 0
|8 0
|a SNK
|b SNK
|d 2021-08-24
|i snk2021/10869
|l 0
|o snkČSB 7687/2012
|p 17A1434669
|r 2026-02-21 21:29:09
|w 2026-02-21
|y PREZ
|
| 952 |
|
|
|0 0
|1 0
|4 0
|7 0
|8 0
|a SNK
|b SNK
|d 2021-08-24
|i snk2021/10870
|l 0
|o snkČSB 7687/2013
|p 17A1434666
|r 2026-02-21 21:29:09
|w 2026-02-21
|y PREZ
|
| 952 |
|
|
|0 0
|1 0
|4 0
|7 0
|8 0
|a SNK
|b SNK
|d 2021-08-24
|i snk2021/10871
|l 0
|o snkČSB 7687/2014
|p 17A1434632
|r 2026-02-21 21:29:09
|w 2026-02-21
|y PREZ
|
| 952 |
|
|
|0 0
|1 0
|4 0
|7 0
|8 0
|a SNK
|b SNK
|d 2021-08-24
|i snk2021/10872
|l 0
|o snkČSB 7687/2015
|p 17A1434633
|r 2026-02-21 21:29:09
|w 2026-02-21
|y PREZ
|
| 952 |
|
|
|0 0
|1 0
|4 0
|7 0
|8 0
|a SNK
|b SNK
|d 2021-08-24
|i snk2021/10873
|l 0
|o snkČSB 7687/2016
|p 17A1434634
|r 2026-02-21 21:29:09
|w 2026-02-21
|y PREZ
|